000 01033cam a2200169 4500500
005 20260111093349.0
041 _afre
042 _adc
100 1 0 _aBressler, Sylvie
_eauthor
245 0 0 _aClassé sans suite, Claudio Magris, L’Arpenteur, 2017, 480 p., 24 €
260 _c2017.
500 _a51
520 _aLes médias et les réseaux sociaux donnent une portée mondiale à des désordres locaux, comme les bavures policières et les occupations de l’espace public. Leur traitement différencié par les autorités interrogent la capacité de ses mouvements à susciter des réformes.
520 _aMedias and social networks confer a worldwide reach to local disorders, such as police abuse and occupy movements. Their differentiated management by public authorities questions the ability of these movements to bring about reforms.
786 0 _nEsprit | Décembre | 12 | 2017-11-22 | p. 147k-179k | 0014-0759
856 4 1 _uhttps://shs.cairn.info/revue-esprit-2017-12-page-147k?lang=fr&redirect-ssocas=7080
999 _c1626166
_d1626166